000 01951nam a2200313 i 4500
001 990204818590107026
003 UkOxU
005 20251002121615.0
008 151124r20152012enk b 001|0|eng|d
015 _aGBB5H0662
_2bnb
020 _a9780241257401
035 _a(UkOxU)020481859
035 _a(UkOxU)020481859BIB01
035 _a(Uk)017634184
040 _aStDuBDS
_beng
_erda
_cStDuBDS
_dUkOxU
041 _aeng
050 _aBF575.A85
_bB76 2015
100 _aBrown, Brené
_eauthor
_925972
245 1 0 _aDaring greatly
_b: how the courage to be vulnerable transforms the way we live, love, parent, and lead /
_c/ Brené Brown.
260 _aLondon :
_bPenguin Life,
_c2015.
300 _aviii, 287 pages ;
_c20 cm
500 _aOriginally published: New York: Gotham Books, 2012.
504 _aIncludes bibliographical references and index.
520 _aEvery time we are introduced to someone new, try to be creative, or start a difficult conversation, we take a risk. We feel uncertain and exposed. We feel vulnerable. Most of us try to fight those feelings - we strive to appear perfect. In a powerful new vision Dr. Brene Brown challenges everything we think we know about vulnerability, and dispels the widely accepted myth that it's a weakness. She argues that, in truth, vulnerability is strength and when we shut ourselves off from vulnerability - from revealing our true selves - we distance ourselves from the experiences that bring purpose and meaning to our lives. Daring Greatly is the culmination of 12 years of groundbreaking social research, across every area of our lives including home, relationships, work, and parenting. It is an invitation to be courageous; to show up and let ourselves be seen, even when there are no guarantees. This is vulnerability. This is daring greatly.
650 0 _aAssertiveness (Psychology)
_925973
650 0 _a Risk
_94552
650 0 _aCourage
_923507
942 _2lcc
999 _c4992
_d4992